000
00298nam a2200121Ia 4500
005
20260328104326.0
008
260328s9999||||xx |||||||||||||| ||und||
100
_a
Brown, Edwin
245
0
_a
20 Años de Arquitectura en Panamá /
_c
Edwin Brown
300
_a
41 p.
650
_a
PANAMÁ
942
_c
BK
999
_c
11538
_d
11538